载入...

Open university: Government and industry

书目详细资料
格式: Printed Book
出版: Milton Keynes Open University Press 1976
主题:
LEADER 00450nam a2200157 4500
082 |a 338.6 OPE 
100
245 |a Open university: Government and industry 
250
260 |a Milton Keynes  |b Open University Press  |c 1976 
300
490
650 |a Industrial economics 
942 |c BK 
999 |c 222860  |d 222860 
952 |0 0  |1 0  |4 0  |6 338_600000000000000_OPE  |7 0  |9 236993  |a SDE  |b SDE  |d 2019-12-12  |l 0  |o 338.6 OPE  |p SDE2145  |r 2019-12-12  |w 2019-12-12  |y BK